000 00450cam a2200181ua 4500
020 _c200.00
041 _aeng
_h
082 _a531
_bCHA/CO
100 _aChandrasekharaih, D S .
245 _aContinuum mechanics /
_cD S Chandrasekharaih.
_hTextual Documents
260 _aNew York :
_bAcademic Press ,
_c1900.
300 _a583 ; .
365 _a200.00
500 _a**Reference
504 _a
942 _cBK
999 _c10022
_d10022